| 000 | 00000nam##2200000za#4500 |
| 001 | 9.633120 |
| 003 | CaOODSP |
| 005 | 20210624215154 |
| 007 | cr ||||||||||| |
| 008 | 150407|2006||||xxc|||||o f|0| 0 fre|d |
| 040 | |aCaOODSP|bfre |
| 043 | |an-cn--- |
| 086 | 1 |aE84-17/2006F-PDF |
| 110 | 1 |aCanada.|bCentre international des droits de la personne et du développement démocratique. |
| 245 | 10|aDocumenter les violations des droits des femmes par les acteurs non étatiques : |h[ressource électronique]|bstratégies militantes dans les communautés musulmanes / |
| 260 | |aMontréal - Québec : |bCentre international des droits de la personne et du développement démocratique |c2006. |
| 300 | |a105p.|bréférences, tableaux |
| 500 | |aL'ISBN (2-922084-86-8) pour l'édition imprimée française a été incorrectement copié dans cette édition PDF. |
| 520 | 3 |aCe manuel offre des outils aux militantes et défenseurs des droits humains qui enquêtent sur les violences perpétrées contre les femmes par des acteurs non étatiques. |
| 590 | |a07-12|b2007-03-23 |
| 590 | |a06-10-Supp|b2006-12-15 |
| 691 | 07|aDocument juridique|2gcpds |
| 691 | 07|aDroits de la personne|2gcpds |
| 691 | 07|aTraitement des demandes|2gcpds |
| 691 | 07|aViolence faite aux femmes|2gcpds |
| 691 | 07|aStratégie|2gcpds |
| 720 | 1 |aBauer, Jan |
| 720 | 1 |aHélie, Anissa |
| 775 | 08|tDocumenting women's rights violations by non-state actors : |w(CaOODSP)9.688703 |
| 776 | 0#|tDocumenter les violations des droits des femmes par les acteurs non étatiques : |w(CaOODSP)9.683676 |
| 856 | 40|ahttp://publications.gc.ca|qPDF|s1189 Ko|uhttps://publications.gc.ca/collections/Collection/E84-17-2006F.pdf |